| 000 | 00393nam a2200169Ia 4500 | ||
|---|---|---|---|
| 001 | 13954 | ||
| 003 | IN-NITTTR | ||
| 005 | 20251114233131.0 | ||
| 008 | 251113s9999||||xx |||||||||||||| ||eng|| | ||
| 040 | _beng | ||
| 040 | _cIN-NITTTR | ||
| 041 | _aeng | ||
| 082 | _a025.4700202 S64C | ||
| 100 | _aPrasad, H. N. | ||
| 245 | 0 |
_aCatalouging manual AACR-II / _cPrasad, H. N. |
|
| 942 |
_2ddc _cBK |
||
| 999 |
_c16590 _d16590 |
||